000 00249nam a22001217a 4500
040 _cSY
082 _a627
100 _aឡោ លីតួ
245 _aម៉េកានិកដី
260 _aRUA
_bឡោ
_c2011
300 _a52p.
942 _cKB
999 _c9765
_d9765